A STUDY OF SERUM INTERLEKIN -10 LEVELS IN DENGUE (Record no. 20748)
[ view plain ]
| 000 -LEADER | |
|---|---|
| fixed length control field | 00288nam a22001337a 4500 |
| 003 - CONTROL NUMBER IDENTIFIER | |
| control field | SGT |
| 082 ## - DEWEY DECIMAL CLASSIFICATION NUMBER | |
| Classification number | 616.01 |
| Item number | S20M |
| 100 ## - MAIN ENTRY--PERSONAL NAME | |
| Personal name | MONIKA |
| 245 ## - TITLE STATEMENT | |
| Title | A STUDY OF SERUM INTERLEKIN -10 LEVELS IN DENGUE |
| 260 ## - PUBLICATION, DISTRIBUTION, ETC. (IMPRINT) | |
| Place of publication, distribution, etc | SGTU |
| Year of Publication | 2020 |
| 300 ## - PAGE DESCRIPTION | |
| No. of Pages | 95 |
| 650 ## - SUBJECT ADDED ENTRY--TOPICAL TERM | |
| Topical term or geographic name as entry element | MICROBIOLOGY |
| 942 ## - ADDED ENTRY ELEMENTS (KOHA) | |
| Source of classification or shelving scheme | Dewey Decimal Classification |
| Koha item type | Thesis/Dissertation |
| Withdrawn status | Lost status | Source of classification or shelving scheme | Damaged status | Not for loan | Collection code | Home library | Current library | Shelving location | Date acquired | Total Checkouts | Full call number | Accession No. (Barcode) | Date last seen | Bill Date | Koha item type |
|---|---|---|---|---|---|---|---|---|---|---|---|---|---|---|---|
| Dewey Decimal Classification | Not For Loan | MEDICAL | SGT Medical Library | SGT Medical Library | Reference Book | 14/10/2020 | 616.01 S20M | DT1018 | 14/10/2020 | 14/10/2020 | Thesis/Dissertation |